| 000 | 01113nam0a22002771 4500 | ||
|---|---|---|---|
| 001 | v19\rc\1526080 | ||
| 005 | 20060620125720.1 | ||
| 035 | _a(NLR Aleph) 004647395 | ||
| 090 |
_a3375721 _c3375721 |
||
| 100 | _a20060620d1886 |||y0rusy50 ca | ||
| 101 | 0 | _arus | |
| 102 | _aRU | ||
| 105 | _aa j ||||| | ||
| 200 | 1 |
_aРуководство по арифметике в объеме курса средних учебных заведений _fСост. В.И. Сербулов, бывш. преп. Киев. 2 гимназии |
|
| 210 |
_aКиев _cтип. Л.Г. Даниловой _d1886 |
||
| 215 |
_a[1], IV, 238, II с., 3 л. табл. _d25 |
||
| 300 | _aЗагл. обл.: Руководство по арифметике | ||
| 316 |
_aЭкз. РНБ (83-7/469): с автогр. авт. _5NLR: 83-7/469 |
||
| 512 | 0 | _aРуководство по арифметике | |
| 700 | 1 |
_aСербулов _bВ. И. _gВасилий Иванович _4220 |
|
| 801 | 0 |
_aRU _bNLR _gpsbo |
|
| 801 | 0 |
_aRU _bRuMoRGB _2psbo |
|
| 801 | 1 |
_aRU _bProSoft-M _2rusmarc |
|
| 852 |
_aNLR _j83-7/469 |
||
| 942 | _cBOOK | ||
| 980 | _aNB | ||